Helena - Nuage (Paroles) - Statistiques

Statistiques générales
  • Ce quiz a été pris 78 fois
  • Le résultat moyen est 198 sur 250
Statistiques - réponses
Réponse % Correct
à
97%
a
97%
dans
97%
de
97%
De
97%
est
94%
nuage
94%
qui
94%
sa
94%
te
94%
un
94%
au
90%
ce
90%
des
90%
la
90%
le
90%
les
90%
pour
90%
que
90%
se
90%
tête
90%
y
90%
ca
87%
dessus
87%
et
87%
me
87%
du
84%
Elle
84%
elle
84%
on
84%
pas
84%
faire
81%
81%
qu'il
81%
si
81%
couloirs
77%
cour
77%
en
77%
lycée
77%
personne
77%
pourquoi
77%
qu'elle
77%
remarquer
77%
vie
77%
cette
74%
je
74%
ne
74%
quelqu'un
74%
regarde
74%
autres
71%
bizarre
71%
chercher
71%
dit
71%
Dit
71%
fenêtre
71%
fille
71%
moi
71%
rappelle
71%
récré
71%
une
71%
vient
71%
années
68%
c'est
68%
comme
68%
fait
68%
idiots
68%
marche
68%
quoi
68%
qu'on
68%
rit
68%
seule
68%
toute
68%
viendrai
68%
allure
65%
c'etait
65%
d'autres
65%
d'être
65%
deux
65%
envoyé
65%
eux
65%
jour
65%
méritait
65%
meritait
65%
parlait
65%
photo
65%
pleurent
65%
quand
65%
rigolo
65%
y'en
65%
longe
61%
murs
61%
ont
61%
tourner
61%
ville
61%
demande
58%
etre
58%
mêmes
58%
peut
58%
regardait
58%
solo
58%
tu
58%
sourdine
55%
trouvais
55%
connais
52%
scenario
52%
chose
48%
honte
48%
traine
48%
Aucun quiz correspondant
Distribution des résultats
% des personnes avec chaque résultat
Percentile par nombre de réponses
Votre historique - résultats
Vous n’avez pas pris ce quiz